The new Japan, government and politics /

Bibliographic Details
Main Author: Quigley, Harold Scott, 1889-
Corporate Author: Japan
Other Authors: Turner, John E. (John Elliot), 1917-2005
Format: Book
Language:English
Published: Minneapolis : University of Minnesota Press, [1956]
Subjects:

MARC

Tag First Indicator Second Indicator Subfields
LEADER 00000cam a2200000 4500
001 in00000062124
005 20151008051651.0
008 721128s1956 mnu b 00000 eng u
010 |a  55011708  
035 |a (OCoLC)00502646 
035 |9 AAG9291AM 
040 |c WSU  |d TXA  |d UtOrBLW 
049 |a TXAM  |c [267658] 
050 0 |a JQ1615 1956  |b .Q5 
092 |a 342.52  |b Q6n 
100 1 |a Quigley, Harold Scott,  |d 1889- 
245 1 4 |a The new Japan, government and politics /  |c [by] Harold S. Quigley and John E. Turner. 
264 1 |a Minneapolis :  |b University of Minnesota Press,  |c [1956] 
264 4 |c [©1956] 
300 |a viii, 456 pages :  |b illustrations ;  |c 24 cm. 
336 |a text  |b txt  |2 rdacontent 
337 |a unmediated  |b n  |2 rdamedia 
338 |a volume  |b nc  |2 rdacarrier 
500 |a includes legislation. 
504 |a Includes bibliographical references. 
651 0 |a Japan  |x Politics and government  |y 1945- 
700 1 |a Turner, John E.  |q (John Elliot),  |d 1917-2005. 
710 1 |a Japan.  |t Laws, statutes, etc. 
999 |a MARS 
999 f f |s 8d963015-f189-3ca2-bde3-5a98b96a0fba  |i 8bba5b74-4fb8-351c-8129-db4fcdc4407b  |t 0 
952 f f |p ric  |a Texas A&M University  |b Rellis Campus  |c Joint Library Facility  |d Remote Storage  |t 0  |e JQ1615 1956 .Q5  |h Library of Congress classification  |i unmediated -- volume  |m A14800787201 
998 f f |a JQ1615 1956 .Q5  |t 0  |l Remote Storage